| 000 | 03013cam a22004098i 4500 | ||
|---|---|---|---|
| 001 | 22319657 | ||
| 003 | OSt | ||
| 005 | 20230916105811.0 | ||
| 008 | 211122s2022 nyu b 001 0 eng | ||
| 010 | _a 2021057170 | ||
| 020 |
_a9781138391581 _q(hardback) |
||
| 020 |
_a9781138391598 _q(paperback) |
||
| 020 |
_z9780429422645 _q(ebook) |
||
| 040 |
_aDLC _beng _erda _cDLC _dDLC |
||
| 042 | _apcc | ||
| 050 | 0 | 0 |
_aGV742.3 _b.Z86 2022 |
| 082 | 0 | 0 |
_a070.449796 _bZUM/T |
| 100 | 1 |
_aZumoff, Marc _eauthor. _99499 |
|
| 245 | 1 | 0 |
_aTotal sports media : _bproduction, performance and career development / _cMarc Zumoff and Max Negin. |
| 250 | _aSecond edition. | ||
| 263 | _a2205 | ||
| 264 | 1 |
_aNew York, NY : _bRoutledge, _c2022. |
|
| 300 | _a350 pages | ||
| 336 |
_atext _btxt _2rdacontent |
||
| 337 |
_aunmediated _bn _2rdamedia |
||
| 338 |
_avolume _bnc _2rdacarrier |
||
| 504 | _aIncludes bibliographical references and index. | ||
| 520 |
_a"This thoroughly revised second edition of Total Sports Media (formerly Total Sportscasting) offers a complete guide to sports media across TV, radio and digital broadcasting. Covering everything from practical skills to industry lingo, this book guides readers through each aspect of the sportscasting process, including performance and production techniques, demo reel production, and writing for sports media. Chapters feature interviews with successful sports media professionals who take you inside the real-world practices of the industry, offering invaluable insights on how to carve out a career in the field and forge lasting relationships with team personnel. New to this edition are a discussion of changes in the industry as a result of the Covid-19 pandemic, updated sections on career paths and professional development opportunities, and an updated chapter on social media strategies for sportscasters. This book also delves into the unique issues facing women and minority sportscasters. Finally, the authors look at the history of sports media and discuss the future of the industry. Total Sports Media is an essential resource for both students and instructors of sports media, as well as for industry professionals interested in a wide-reaching look at this changing field. A companion website features additional resources for instructors and students, including video and audio examples and links to additional resources"-- _cProvided by publisher. |
||
| 650 | 0 |
_aTelevision broadcasting of sports _vHandbooks, manuals, etc. |
|
| 650 | 0 |
_aTelevision broadcasting of sports _xVocational guidance. |
|
| 650 | 0 |
_aRadio broadcasting of sports _vHandbooks, manuals, etc. |
|
| 650 | 0 |
_aRadio broadcasting of sports _xVocational guidance. |
|
| 700 | 1 |
_aNegin, Max, _eauthor. |
|
| 906 |
_a7 _brip _corignew _d1 _eecip _f20 _gy-gencatlg |
||
| 942 |
_2ddc _cBK _h070.449796 _iZUM/T _k070.449796 _mZUM/T |
||
| 999 |
_c42457 _d42457 |
||